LEADER 00930nam a2200253 4500 001 000000351067 003 CaOOAMICUS 005 20220801100329.0 008 220801s1969 it 000 u ita r 040 $aSeMil$bita 100 1 $aHoratius Flaccus, Quintus,$d<65-8 a.C.>.$0(OLS)http://semarc/name/3361 245 12$aI carmi /$cOrazio ; scelti e commentati da Ugo Enrico Paoli. 250 $a21. ed. 264 1$aFirenze :$bLe Monnier,$c1969. 300 $aXXIII, 335 p. ;$c21 cm 700 1 $aPaoli, Ugo Enrico,$d<1884-1963>.$0(OLS)http://semarc/name/19520 850 $aSeMil 852 $aSeMil$W1$xVenegono$y1$m1X IV 55$j233825$B242127$CSeMilBibl$Z2$F242127 $81 900 1 $aOrazio. 961 $aPontiggia don Virginio - Omaggio 996 $6245$aI carmi$9(OLS)http://semarc/title/260144 996 $6264$aFirenze :$bLe Monnier$9(OLS)http://semarc/publisher/30060 LEADER 00480nab a2200145 i 4500 001 000000312292 003 CaOOAMICUS 005 20180831173049.0 008 180831n xx uu u0 0und r 013 $a21384 040 $aSeMil$bita 100 1 $aOrlich, Alfonso.$0(OLS)http://semarc/name/88406 245 10$aL?uso dei beni nella morale di S. Tommaso. 773 0 $t[Maggio-Agosto].$g378-405$w()274204 996 $6245$aL?uso dei beni nella morale di S. Tommaso$9(OLS)http://semarc/title/386676